00961nam a2200265 a 450000100060000000300080000600500170001400800410003102000150007203500190008704000270010604100080013308200250014110000330016624500950019926000380029430000330033250000200036565000460038570000460043170000510047794200120052899900170054095201380055761893BD-RjUL20211209081019.0170122s1977 nyua 000 0 eng  a0060462140 a(BD-RjUL)62018 aDLCcDLCdBD-RjULbeng aeng00a658.84223bFOC 19771 aFoster, John Robert.918423710aCases in marketing channel strategy /cJ. Robert Foster, Arch G. Woodside, J. Taylor Sims. aNew York :bHarper & Row,cc1977. axi, 220 p. :bill. ;c24 cm. aIncludes index. 0aMarketing channelsxCase studies.91842381 aWoodside, Arch G.,ejoint author.91842391 aSims, J. Taylor,d1939-ejoint author.9184240 2ddccBK c61893d61893 00102ddc40718NFICaRUCLbRUCLcReadingd1985-09-05eAsia Foundationl0o658.84 FOC 1977r2017-01-22 00:00:00tC-1w2017-01-22yBK